Junior Banglapedia, Vol.-2, Science and Technology / (Record no. 21695)

MARC details
000 -LEADER
fixed length control field 00821nam a22002177a 4500
003 - CONTROL NUMBER IDENTIFIER
control field BDDh-ASL
005 - DATE AND TIME OF LATEST TRANSACTION
control field 20231015030029.0
008 - FIXED-LENGTH DATA ELEMENTS--GENERAL INFORMATION
fixed length control field 170615s20122019bg abco| |||| 001 0 eng
020 ## - INTERNATIONAL STANDARD BOOK NUMBER
International Standard Book Number 9789843352729
037 ## - SOURCE OF ACQUISITION
Source of stock number/acquisition Asiatic Society of Bangladesh
Terms of availability tk 1200
040 ## - CATALOGING SOURCE
Original cataloging agency BDDh-ASL
Transcribing agency BDDh-ASL
082 ## - DEWEY DECIMAL CLASSIFICATION NUMBER
Classification number 954.92
Item number JUN
245 00 - TITLE STATEMENT
Title Junior Banglapedia, Vol.-2, Science and Technology /
Statement of responsibility, etc. Chief Editor Sirajul Islam and edited by Ahmed Abdullah Jamal
260 ## - PUBLICATION, DISTRIBUTION, ETC.
Place of publication, distribution, etc. Dhaka:
Name of publisher, distributor, etc. Asiatic Society of Bangladesh
Date of publication, distribution, etc. 2012.
-- 2019.
300 ## - PHYSICAL DESCRIPTION
Extent v-2, 383 p. ,
Other physical details col. ill, maps;
Dimensions 29 cm.
440 ## - SERIES STATEMENT/ADDED ENTRY--TITLE
Title Asiatic Society of Bangladesh publication;
Volume/sequential designation no. 114
9 (RLIN) 312
500 ## - GENERAL NOTE
General note Includes index
650 ## - SUBJECT ADDED ENTRY--TOPICAL TERM
Topical term or geographic name entry element General Knowledge
General subdivision World
-- Science and Technology
Geographic subdivision Bangladesh
9 (RLIN) 436
700 ## - ADDED ENTRY--PERSONAL NAME
Personal name Jamal, Ahmed Abdullah
9 (RLIN) 437
942 ## - ADDED ENTRY ELEMENTS (KOHA)
Source of classification or shelving scheme Dewey Decimal Classification
Koha item type Books
Holdings
Withdrawn status Lost status Source of classification or shelving scheme Damaged status Not for loan Collection code Home library Current library Shelving location Date acquired Source of acquisition Serial Enumeration / chronology Total Checkouts Full call number Barcode Date last seen Copy number Price effective from Koha item type
    Dewey Decimal Classification     Non-fiction Asiatic Society Library Asiatic Society Library General Stacks 02/09/2021 ASB Publications ASP-114   954.92 JUN 105567 02/09/2021 C-1 02/09/2021 Books
    Dewey Decimal Classification     Non-fiction Asiatic Society Library Asiatic Society Library General Stacks 02/09/2021 ASB Publications ASP-114   954.92 JUN 105568 02/09/2021 C-2 02/09/2021 Books
    Dewey Decimal Classification     Non-fiction Asiatic Society Library Asiatic Society Library General Stacks 02/09/2021 ASB Publications ASP-114   954.92 JUN 105569 02/09/2021 C-3 02/09/2021 Books
    Dewey Decimal Classification     Non-fiction Asiatic Society Library Asiatic Society Library General Stacks 02/09/2021 ASB Publications ASP-114   954.92 JUN 105570 02/09/2021 C-4 02/09/2021 Books
    Dewey Decimal Classification     Non-fiction Asiatic Society Library Asiatic Society Library General Stacks 02/09/2021 ASB Publications ASP-114   954.92 JUN 105571 02/09/2021 C-5 02/09/2021 Books
    Dewey Decimal Classification     Non-fiction Asiatic Society Library Asiatic Society Library General Stacks 02/09/2021 ASB Publications ASP-114   954.92 JUN 105572 02/09/2021 C-6 02/09/2021 Books
    Dewey Decimal Classification     Non-fiction Asiatic Society Library Asiatic Society Library General Stacks 02/09/2021 ASB Publications ASP-114   954.92 JUN 105573 02/09/2021 C-7 02/09/2021 Books

Powered by Koha